| 000 | 00414nam a2200157Ia 4500 | ||
|---|---|---|---|
| 008 | 210716s2010 xx 000 0 und d | ||
| 020 | _a9788173717109 | ||
| 041 | _aeng | ||
| 082 | _a621.382 VASK | ||
| 100 | _aVasudevan, K. | ||
| 245 | _aDigital communications and signal processing. | ||
| 250 | _a2 | ||
| 260 |
_aNew Delhi _bUniversities Press _c2010 |
||
| 300 | _ax,337 | ||
| 650 | _aDigital Computer(004.11) | ||
| 999 |
_c193379 _d193379 |
||